| 000 | 00492nam a22001817a 4500 | ||
|---|---|---|---|
| 003 | LK-CoMWRAF | ||
| 005 | 20230908181708.0 | ||
| 008 | 230908b1996 |||||||| |||| 00| 0 eng d | ||
| 040 |
_aLK-CoMWRAF _dLK-CoMWRAF _eLK-CoMWRAF |
||
| 041 | _aeng | ||
| 082 |
_a823 _bMAR |
||
| 100 | _aMarquez, Gabriel Garcia | ||
| 245 | _aChronicle of a death foretold | ||
| 260 |
_aIndia : _bPenguin books, _c1996 |
||
| 650 | _aEnglish Fiction-Translations | ||
| 700 |
_aRabassa, Gregory _etrans. |
||
| 942 | _cBK | ||
| 999 |
_c3491 _d3491 |
||